|
|
|
|
| LEADER |
00000nam a2200000 4500 |
| 001 |
vtls012063678 |
| 003 |
SK-MaSNL |
| 005 |
20260302014207.0 |
| 008 |
210728s2018 pl o g 000 0 pol |
| 020 |
|
|
|a 9788381110945
|q (brožované)
|
| 040 |
|
|
|a SNK
|b slo
|c SNK
|e rda
|
| 041 |
0 |
|
|a pol
|a slo
|
| 044 |
|
|
|a pl
|c PL
|
| 072 |
|
7 |
|2 konspekt
|
| 080 |
|
|
|2 2011
|
| 245 |
0 |
0 |
|a 70 lat zespołu Śpis
|c opracowanie: Józef Majerczak ; tłumaczenie: Agata Jędrzejczyk
|
| 264 |
|
1 |
|a Kraków
|b Towarzystwo Słowaków w Polsce
|c 2018
|
| 300 |
|
|
|a 64 strán
|b fotografie
|c 21 cm
|
| 336 |
|
|
|a text
|b txt
|2 rdacontent
|
| 336 |
|
|
|a statický obraz
|b sti
|2 rdacontent
|
| 337 |
|
|
|a bez média
|b n
|2 rdamedia
|
| 338 |
|
|
|a zväzok
|b nc
|2 rdacarrier
|
| 700 |
1 |
|
|a Majerczak, Józef
|4 com
|9 418523
|
| 700 |
1 |
|
|a Jędrzejczyk, Agata
|4 trl
|9 418516
|
| 919 |
|
|
|a 978-83-8111-094-5
|
| 999 |
|
|
|c 1016009
|d 1017939
|
| 952 |
|
|
|a SNK
|b SNK
|y PREZ
|7 0
|p 17A1467923
|o snkSC 195129
|i snk2021/16923
|8 2
|g 4.24
|0 0
|1 0
|4 0
|d 2021-07-28
|f 1
|l 0
|r 2025-10-15 00:00:00
|w 2026-02-24
|